<?xml version="1.0" encoding="UTF-8"?>
<marc:record xmlns:marc="http://www.loc.gov/MARC21/slim">
   <marc:leader>00000nam a2200000 a 4500</marc:leader>
   <marc:datafield ind1=" " ind2=" " tag="653">
      <marc:subfield code="a">Osteuropa</marc:subfield>
   </marc:datafield>
   <marc:datafield ind1=" " ind2=" " tag="653">
      <marc:subfield code="a">Landwirtschaft</marc:subfield>
   </marc:datafield>
   <marc:datafield ind1=" " ind2=" " tag="653">
      <marc:subfield code="a">Privatisierung</marc:subfield>
   </marc:datafield>
   <marc:datafield ind1="0" ind2="0" tag="245">
      <marc:subfield code="a">Entstaatlichung der Landwirtschaft und ländliche Entwicklung in Osteuropa</marc:subfield>
   </marc:datafield>
   <marc:datafield ind1=" " ind2="1" tag="264">
      <marc:subfield code="a">Forcalquier</marc:subfield>
      <marc:subfield code="b">Europäisches Bürgerforum</marc:subfield>
      <marc:subfield code="c">1993</marc:subfield>
   </marc:datafield>
   <marc:datafield ind1="1" ind2=" " tag="520">
      <marc:subfield code="a">Europäisches Symposium ^aDie Privatisierung des landwirtschaftlichen Bodens wird heute in vielen osteuropäischen Staaten als Priorität für den Übergang zur freien Marktwirtschaft betrachtet und mit der Privatisierung der Industrie gleichgestellt. Im Gegensatz dazu hat die Landwirtschaft in Westeuropa eine sonderstellung und wird bis ins Detail von europäischen, nationalen und regionalen Bestimmungen reguliert. Mit dem Symposium soll ein Erfahrungsaustausch zwischen Ost- und Westeuropa mit dem Ziel begonnen werden, die Maßnahmen zur Entstaatlichung der Landwirtschaft mit den Bedürfnissen ländliche rEntwicklung in Einklang zu bringen.</marc:subfield>
   </marc:datafield>
   <marc:datafield ind1="0" ind2=" " tag="490">
      <marc:subfield code="v">0</marc:subfield>
   </marc:datafield>
   <marc:datafield ind1=" " ind2=" " tag="300">
      <marc:subfield code="a">50 S.</marc:subfield>
   </marc:datafield>
</marc:record>
